00427nam a2200121Ia 4500008004100000245008000041245002400121260000900145650001100154856004800165999001900213952007300232171211s9999 xx 000 0 und d aTrail of Story, Travellers' Path: Reflections on Ethnoecology and Landscape cLeslie Main Johnson c2010 xTRAVEL uhttp://down.ebook777.com/060/189742535X.pdf c347755d347755 001040aCLbCLd2017-12-11l0r2017-12-11 00:00:00w2017-12-11yCBE